Statistics for US States with the Busiest Interstates

Click here to take the quiz!

General Stats

  • This quiz has been taken 610 times
  • The average score is 9 of 10

Answer Stats

interstate vehicle-miles drivenstate% Correct
84.681 billionCalifornia
100%
55.734 billionTexas
98%
34.689 billionFlorida
97%
31.033 billionIllinois
92%
28.467 billionGeorgia
88%
31.389 billionOhio
87%
23.662 billionPennsylvania
84%
21.241 billionNorth Carolina
82%
24.062 billionVirginia
80%
20.707 billionMichigan
75%

Score Distribution

Percentile by Number Answered

Percent of People with Each Score

Your Score History

You have not taken this quiz